|
|
|
|
| LEADER |
01273nam a22002537a 4500 |
| 001 |
AAL2747 |
| 003 |
BD-DhAAL |
| 005 |
20160320152912.0 |
| 008 |
160320s 2002bg a|||| |||| 00| 0 mul d |
| 040 |
|
|
|a BD-DhAAL
|c BD-DhAAL
|
| 082 |
|
|
|a 372.12/095492
|
| 100 |
|
|
|a খান, আনসার আলী
|9 18649
|
| 245 |
|
|
|a বাংলাদেশের শিক্ষা প্রশাসন ও ব্যবস্থাপনা /
|c আনসার আলী খান
|
| 246 |
|
|
|a Education administration management in Bangladesh
|
| 260 |
|
|
|a ঢাকা :
|b কামরুল বুক হাউস,
|c ২০০২
|
| 300 |
|
|
|a ৭৬৮পৃ. :
|b চিত্র ;
|c ২২ সে.মি.
|
| 500 |
|
|
|a (বেসরকারি শিক্ষা প্রতিষ্ঠানের একটি পূর্ণাঙ্গ গাইড)
|
| 541 |
|
|
|e 2747
|
| 650 |
|
|
|a School management and organization
|x -Bangladesh.
|9 18650
|
| 650 |
|
|
|a Education, Elementary
|x Administration.
|z Bangladesh
|9 18651
|
| 852 |
|
|
|a Savar Campus Library
|c General Shelf
|
| 942 |
|
|
|2 ddc
|c BK
|
| 999 |
|
|
|c 37172
|d 37172
|
| 952 |
|
|
|0 0
|1 0
|2 ddc
|4 0
|6 372_120000000000000_095492_KHA
|7 0
|9 58447
|a SCL
|b SCL
|c GEN
|d 2016-03-20
|g 500.00
|l 0
|o 372.12095492 KHA
|p 3020002747
|r 2016-03-20
|t 1
|w 2016-03-20
|y BK
|